Państwa według najniższej odnotowanej temperatury - Statystyki

Ogólne statystyki
  • Ten quiz został rozwiązany 22 275 razy
  • Średni wynik to 14 z 23
Statystyki odpowiedzi
°C Kraj % Poprawnych
-67,7 Rosja
99%
-62,8 Kanada
95%
-51,4 Norwegia
94%
-62,1 Stany Zjednoczone
93%
-52,6 Szwecja
93%
-51,5 Finlandia
92%
-69,6 Dania (Grenlandia)
91%
-52,3 Chiny
84%
-56,0 Mongolia
73%
-43,5 Estonia
72%
-51,6 Kazachstan
71%
-42,9 Litwa
70%
-43,2 Łotwa
70%
-42,2 Białoruś
59%
-45,1 Korea Północna
47%
-53,6 Kirgistan
43%
-51,6 Tadżykistan
43%
-42,5 Szwajcaria
36%
-52,2 Afganistan
29%
-46,7 Armenia
28%
-42,2 Czechy
27%
-45,6 Turcja
26%
-43,5 Bośnia i Hercegowina
8%
Nie znaleziono quizów pasujących do podanych kryteriów
Rozkład punktacji
Procent ludzi z każdym wynikiem
Percentyl według liczby udzielonych odpowiedzi
Twoja historia wyników
Nie rozwiązałeś tego quizu